ბათუმის შოთა რუსთაველის სახელმწიფო უნივერსიტეტის ბიბლიოთეკა

Алгебра и начала система проведения занятии на подготовительных отделениях вузов (ბიბ.ჩანაწერი № 39073)

000 -LEADER
fixed length control field 00898nam a2200217Ia 4500
001 - CONTROL NUMBER
control field 5629
003 - CONTROL NUMBER IDENTIFIER
control field GE_BSU
008 - FIXED-LENGTH DATA ELEMENTS--GENERAL INFORMATION
fixed length control field 181216s||||||||xx |||||||||||||| ||und||
040 ## - CATALOGING SOURCE
Transcribing agency GE_BSU
080 ## - UNIVERSAL DECIMAL CLASSIFICATION NUMBER
Universal Decimal Classification number 512(075.3)+517(075.3)
100 ## - MAIN ENTRY--PERSONAL NAME
Personal name Кремор, В.С.
245 ## - TITLE STATEMENT
Title Алгебра и начала система проведения занятии на подготовительных отделениях вузов
245 ## - TITLE STATEMENT
Remainder of title Учеб.пособие для слушателей подготов.отдел пед. ин-тов
245 ## - TITLE STATEMENT
Statement of responsibility, etc. Под ред. А .Суходский
260 ## - PUBLICATION, DISTRIBUTION, ETC.
Place of publication, distribution, etc. Москва
260 ## - PUBLICATION, DISTRIBUTION, ETC.
Name of publisher, distributor, etc. Высшая школа
260 ## - PUBLICATION, DISTRIBUTION, ETC.
Date of publication, distribution, etc. 1981
300 ## - PHYSICAL DESCRIPTION
Extent 335стр.22см.
653 ## - INDEX TERM--UNCONTROLLED
Uncontrolled term Алгебра и начала система проведения занятии на подготовительных отделениях вузов
942 ## - ADDED ENTRY ELEMENTS (KOHA)
Koha item type წიგნი
ეგზემპლარები
Withdrawn status Lost status Damaged status Not for loan Date acquired Barcode Date last seen Price effective from Koha item type
        2018-12-17 15950 2018-12-17 2018-12-17 წიგნი